[Event "Catalan-ch U10/20"]
[Site "Tarragona"]
[Date "2022.04.10"]
[Round "3"]
[White "Apinyan, Marc"]
[Black "Fernandez Climent, Albert"]
[Result "1/2-1/2"]
[WhiteElo "1572"]
[BlackElo "1956"]
[PlyCount "64"]
[EventDate "2022.04.09"]
[EventType "swiss"]
[EventRounds "9"]
[EventCountry "ESP"]
[SourceTitle "EXT 2023"]
[Source "ChessBase"]
[SourceDate "2022.10.05"]
[SourceVersion "1"]
[SourceVersionDate "2022.10.05"]
[SourceQuality "1"]

1. d4 Nf6 2. Nf3 g6 3. c4 Bg7 4. Nc3 0-0 5. e4 d6 6. Be2 e5 7. d5 Nbd7 8. 0-0 Nh5 9. Re1 f5 10. Qc2 fxe4 11. Nxe4 Nf4 12. Bxf4 exf4 13. Rad1 Ne5 14. Nxe5 Bxe5 15. Bf3 Bf5 16. Qe2 Qh4 17. g3 Qh6 18. c5 Qg7 19. cxd6 cxd6 20. b3 Rae8 21. Qd3 g5 22. Bh5 Re7 23. g4 Bg6 24. Bxg6 Qxg6 25. f3 Rfe8 26. Re2 h6 27. Rde1 Rc7 28. Rc2 Qf7 29. Rec1 Rec8 30. Rxc7 Rxc7 31. Rxc7 Qxc7 32. Qc4 Qd7 1/2-1/2

[Event "Barcelona Sant Marti op-B 21st"]
[Site "Barcelona"]
[Date "2019.07.17"]
[Round "5"]
[White "Llopis Jordan, Lluis"]
[Black "Apinyan, Marc"]
[Result "0-1"]
[WhiteElo "1633"]
[BlackElo "1351"]
[PlyCount "86"]
[EventDate "2019.07.13"]
[EventType "swiss"]
[EventRounds "9"]
[EventCountry "ESP"]
[SourceTitle "EXT 2020"]
[Source "ChessBase"]
[SourceDate "2019.10.17"]
[SourceVersion "1"]
[SourceVersionDate "2019.10.17"]
[SourceQuality "1"]

1. c4 c5 2. Nc3 Nc6 3. g3 g6 4. Bg2 Bg7 5. Nf3 d6 6. 0-0 e5 7. d3 f5 8. e4 Nf6 9. a3 0-0 10. Rb1 a5 11. Bg5 Be6 12. Nh4 Qd7 13. Nd5 Bxd5 14. cxd5 Nd4 15. f4 exf4 16. Rxf4 Nh5 17. Rf1 fxe4 18. dxe4 Rxf1+ 19. Qxf1 Rf8 20. Qd3 Qg4 21. Be7 Ne2+ 22. Kh1 Rc8 23. Bxd6 Nd4 24. e5 Qd7 25. Nf3 Nf5 26. g4 Nxd6 27. gxh5 c4 28. Qf1 Ne4 29. Bh3 Qxh3 30. Qxh3 Nf2+ 31. Kg2 Nxh3 32. Kxh3 c3 33. bxc3 Rxc3 34. Kg4 gxh5+ 35. Kf5 Rxf3+ 36. Kg5 Bxe5 37. Rxb7 Bxh2 38. a4 Bd6 39. Kxh5 Rf5+ 40. Kg4 Rxd5 41. Kf3 Rd4 42. Rd7 Bc5 43. Rc7 Bf8 0-1

[Event "Barcelona Sant Marti op-B 21st"]
[Site "Barcelona"]
[Date "2019.07.16"]
[Round "4"]
[White "Apinyan, Marc"]
[Black "Domenche Redondo, Francesco"]
[Result "1/2-1/2"]
[WhiteElo "1351"]
[BlackElo "1658"]
[PlyCount "69"]
[EventDate "2019.07.13"]
[EventType "swiss"]
[EventRounds "9"]
[EventCountry "ESP"]
[SourceTitle "EXT 2020"]
[Source "ChessBase"]
[SourceDate "2019.10.17"]
[SourceVersion "1"]
[SourceVersionDate "2019.10.17"]
[SourceQuality "1"]

1. d4 d5 2. Nf3 Nf6 3. Bf4 Bf5 4. e3 e6 5. Bd3 Bd6 6. Bxd6 Qxd6 7. c3 Nbd7 8. Qc2 Bxd3 9. Qxd3 0-0 10. Nbd2 c6 11. 0-0 Rfe8 12. c4 Rac8 13. c5 Qb8 14. b4 e5 15. Qc3 e4 16. Nh4 Ng4 17. g3 Nh6 18. a4 Qc7 19. b5 g5 20. Ng2 f5 21. Kh1 Rf8 22. h3 Nf7 23. Rg1 h6 24. Qb3 Rb8 25. Rac1 Nd8 26. Rc2 a6 27. b6 Qc8 28. a5 Nf6 29. Rcc1 Nf7 30. Rcf1 Qe6 31. Kh2 Kg7 32. Qd1 Rh8 33. Qe2 Rbf8 34. Qd1 Qd7 35. Qe2 1/2-1/2

[Event "Barcelona Sant Marti op-B 20th"]
[Site "Barcelona"]
[Date "2018.07.18"]
[Round "6"]
[White "Febrero Perez, Lluis"]
[Black "Apinyan, Marc"]
[Result "1-0"]
[WhiteElo "1479"]
[BlackElo "1269"]
[PlyCount "67"]
[EventDate "2018.07.13"]
[EventType "swiss"]
[EventRounds "9"]
[EventCountry "ESP"]
[SourceTitle "EXT 2019"]
[Source "ChessBase"]
[SourceDate "2018.10.10"]
[SourceVersion "1"]
[SourceVersionDate "2018.10.10"]
[SourceQuality "1"]

1. e4 c5 2. Nf3 d6 3. Bb5+ Bd7 4. Qe2 Nf6 5. Nc3 a6 6. Bxd7+ Qxd7 7. 0-0 e6 8. b3 Be7 9. Bb2 0-0 10. e5 dxe5 11. Nxe5 Qc7 12. Ne4 Nxe4 13. Qxe4 f6 14. Ng4 e5 15. c4 Nc6 16. Ne3 Nb4 17. a3 Nc6 18. Nd5 Qd7 19. Rad1 Qd8 20. Bc3 a5 21. b4 axb4 22. axb4 cxb4 23. Ba1 Rb8 24. c5 Bxc5 25. Qc4 Qd6 26. Nxf6+ Kh8 27. Ne4 b5 28. Qxc5 Qxc5 29. Nxc5 Rbe8 30. Rfe1 Rf5 31. Ne4 Nd4 32. Nd6 Nc2 33. Nxf5 Nxe1 34. Rxe1 1-0

[Event "Roncana op-C 10th"]
[Site "Santa Eulalia de Roncana"]
[Date "2016.10.15"]
[Round "4"]
[White "Melchor Sanchez, Pol"]
[Black "Apinyan, Marc"]
[Result "1-0"]
[WhiteElo "1606"]
[BlackElo "1660"]
[PlyCount "79"]
[EventDate "2016.09.24"]
[EventType "swiss"]
[EventRounds "8"]
[EventCountry "ESP"]
[SourceTitle "EXT 2022"]
[Source "ChessBase"]
[SourceDate "2021.10.06"]
[SourceVersion "1"]
[SourceVersionDate "2021.10.06"]
[SourceQuality "1"]

1. e4 e5 2. Nf3 Nc6 3. Nc3 Nf6 4. Bb5 Be7 5. 0-0 0-0 6. d3 d6 7. Bg5 Bg4 8. Qe2 Nd4 9. Qe3 Nxf3+ 10. gxf3 Bh3 11. Rfe1 c6 12. Ba4 b5 13. Bb3 a5 14. a3 a4 15. Ba2 Nh5 16. Bxe7 Qxe7 17. Ne2 Qf6 18. Ng3 Nf4 19. Qd2 Bd7 20. Qe3 d5 21. exd5 cxd5 22. b3 d4 23. Qe4 Bc6 24. Qf5 Qxf5 25. Nxf5 Rfe8 26. bxa4 bxa4 27. Nd6 Re7 28. Nf5 Rd7 29. Rab1 Bxf3 30. Rxe5 Ne2+ 31. Kf1 Nc3 32. Re7 Rxe7 33. Nxe7+ Kf8 34. Re1 Nxa2 35. Nf5 Ra5 36. Nxd4 Nc3 37. Nxf3 Nb5 38. Ne5 Nxa3 39. Nd7+ Kg8 40. Re8# 1-0

[Event "Roncana op-C 10th"]
[Site "Santa Eulalia de Roncana"]
[Date "2016.10.01"]
[Round "2"]
[White "Salinas Tomas, Daniel"]
[Black "Apinyan, Marc"]
[Result "1/2-1/2"]
[WhiteElo "1473"]
[BlackElo "1660"]
[PlyCount "59"]
[EventDate "2016.09.24"]
[EventType "swiss"]
[EventRounds "8"]
[EventCountry "ESP"]
[SourceTitle "EXT 2018"]
[Source "ChessBase"]
[SourceDate "2017.10.13"]
[SourceVersion "1"]
[SourceVersionDate "2017.10.13"]
[SourceQuality "1"]

1. e4 e5 2. Nf3 Nc6 3. Bc4 Bc5 4. c3 Nf6 5. 0-0 d6 6. h3 0-0 7. Re1 Bd7 8. Qb3 Na5 9. Bxf7+ Rxf7 10. Qd1 Bc6 11. b4 Bxb4 12. cxb4 Nc4 13. d3 Nb6 14. Qb3 d5 15. Nxe5 Re7 16. Nxc6 bxc6 17. e5 Qe8 18. d4 h6 19. Nc3 Nc4 20. Be3 Nd7 21. f4 Nxe3 22. Rxe3 Nb6 23. Qc2 Qf7 24. Rf1 Nc4 25. Ref3 Na3 26. Qf2 Rf8 27. f5 Nc4 28. e6 Qf6 29. Rg3 Nd6 30. Rf3 1/2-1/2